Podnikový ergonomický program

Gespeichert in:
Bibliographische Detailangaben
1. Verfasser: Vančová, Mária (Verfasst von)
Weitere Verfasser: Hatiar, Karol, 1949- (xxx)
Format: Manuskript Buch
Sprache:Slowakisch
Veröffentlicht: Trnava : STU v Bratislave MtF KPIM, 2005
Schlagworte:
Tags: Tag hinzufügen
Keine Tags, Fügen Sie das erste Tag hinzu!

MARC

LEADER 00000ntm a22000003a 4500
001 stu96232
005 20160719155315.6
008 051017s2005----xo------------------slo-d
040 |a STU  |b slo 
041 0 |a slo 
044 |a xo 
100 1 |a Vančová, Mária  |4 aut 
245 1 |a Podnikový ergonomický program 
260 |a Trnava :  |b STU v Bratislave MtF KPIM,  |c 2005 
300 |a 33 s  |c 1 CD 
650 7 |a priemyselné inžinierstvo a manažment  |2 stusub 
650 7 |a ergonómia  |2 stusub 
700 1 |a Hatiar, Karol,  |d 1949-  |4 xxx  |u M4000  |U MTF Materiálovotechnologická fakulta  |T MTF Ústav priemyselného inžinierstva a manažmentu  |X 326  |U M4000  |Y 84  |7 A000000326 
996 |b 284M055159  |c M*BP-1486  |l MMSKP  |s P  |a 0  |w stu96232_0001